000 00481nam a2200181Ia 4500
008 120822t xxu||||| |||| 00| 0 sin d
041 _asin
080 _a8-31 (eng)
_bPRI
100 _aPrice, Willard
245 _aතල්මසුන් දඩයම්
246 _aThalmasun Dadayam
260 _aFast Publishers
_aColombo
_c
300 _b317p, 21 cm
700 _aDolawaththa, Wijayarathna
_etr.
942 _cBK
999 _c41107
_d41107
003 LK-CoDNM
040 _aLK-CoDNM
_dLK-CoDNM
_eLK-CoDNM